An easy approach to Computer Science (Record no. 5292)
[ view plain ]
| 000 -LEADER | |
|---|---|
| fixed length control field | 00410 a2200145 4500 |
| 082 ## - DEWEY DECIMAL CLASSIFICATION NUMBER | |
| Classification number | 004 |
| 090 ## - LOCALLY ASSIGNED LC-TYPE CALL NUMBER (OCLC); LOCAL CALL NUMBER (RLIN) | |
| -- | 1337 |
| -- | 1337 |
| 100 ## - MAIN ENTRY--PERSONAL NAME | |
| Personal name | Abdul Qayyum Khan Sulehria |
| 245 ## - TITLE STATEMENT | |
| Title | An easy approach to Computer Science |
| Statement of responsibility, etc. | Abdul Qayyum Khan Sulehria |
| 260 ## - PUBLICATION, DISTRIBUTION, ETC. | |
| Place of publication, distribution, etc. | Lahore : |
| Name of publisher, distributor, etc. | Ilmi Kitab Khana , |
| Date of publication, distribution, etc. | c1999. |
| 300 ## - PHYSICAL DESCRIPTION | |
| Extent | vi, 206p.: |
| Other physical details | ill ; |
| Dimensions | 23cm. |
| 500 ## - GENERAL NOTE | |
| General note | Includes Index |
| 650 ## - SUBJECT ADDED ENTRY--TOPICAL TERM | |
| Topical term or geographic name entry element | Computer Science |
| 942 ## - ADDED ENTRY ELEMENTS (KOHA) | |
| Koha item type | Book |
| Call number prefix | 004 SUL |
| Withdrawn status | Lost status | Damaged status | Not for loan | Collection code | Permanent Location | Current Location | Shelving location | Date acquired | Total Checkouts | Full call number | Barcode | Date last seen | Price effective from | Koha item type | Source of acquisition |
|---|---|---|---|---|---|---|---|---|---|---|---|---|---|---|---|
| Central Library (CL) | Central Library (CL) | First Floor - Computer Science | 12/08/2000 | 004 SUL | SEECS000557 | 11/14/2012 | 01/05/2017 | Book | |||||||
| Central Library (CL) | Central Library (CL) | First Floor - Computer Science | 10/05/2006 | 004 SUL | SEECSD00114 | 11/14/2012 | 01/05/2017 | Book | Donation | ||||||
| Central Library (CL) | Central Library (CL) | First Floor - Computer Science | 12/08/2000 | 004 SUL | SEECS000555 | 11/14/2012 | 01/05/2017 | Book |
